The Hussite Revolution (notice n° 1639437)

détails MARC
000 -LEADER
fixed length control field 01360cam a2200157 4500500
005 - DATE AND TIME OF LATEST TRANSACTION
control field 20260201050300.0
041 ## - LANGUAGE CODE
Language code of text/sound track or separate title fre
042 ## - AUTHENTICATION CODE
Authentication code dc
100 10 - MAIN ENTRY--PERSONAL NAME
Personal name Rapp, Francis
Relator term author
245 00 - TITLE STATEMENT
Title The Hussite Revolution
260 ## - PUBLICATION, DISTRIBUTION, ETC.
Date of publication, distribution, etc. 2005.<br/>
500 ## - GENERAL NOTE
General note 88
520 ## - SUMMARY, ETC.
Summary, etc. "L. Otis-Cour, Love Matches, Charity, and Society in Medieval "Couple Romances." Belying the stereotype of a medieval literature obsessed with adulterous love, the "couple romances" (or sentimental romances) of the late Middle Ages celebrate the happiness arising from love experienced within marriage. In this respect, they reflect canonical norms (perpetual monogamy, marriage by consent of the spouses) and contemporary developments in theology, medicine, and law. Conjugal love is presented in these romances as the equivalent of Christian charity ( caritas); the reciprocal affection of the couple is judged to be the best preparation for the government of society, and not an obstacle to the integration of the individual into society. Far from constituting an "escape literature," these romances hold a mirror to the changes in mentality and society taking place at the end of the Middle Ages."
786 0# - DATA SOURCE ENTRY
Note Le Moyen Age | Volume CXI | 2 | 2005-09-01 | p. 339-342 | 0027-2841
856 41 - ELECTRONIC LOCATION AND ACCESS
Uniform Resource Identifier <a href="https://shs.cairn.info/journal-le-moyen-age-2005-2-page-339?lang=en&redirect-ssocas=7080">https://shs.cairn.info/journal-le-moyen-age-2005-2-page-339?lang=en&redirect-ssocas=7080</a>

Pas d'exemplaire disponible.

PLUDOC

PLUDOC est la plateforme unique et centralisée de gestion des bibliothèques physiques et numériques de Guinée administré par le CEDUST. Elle est la plus grande base de données de ressources documentaires pour les Étudiants, Enseignants chercheurs et Chercheurs de Guinée.

Adresse

627 919 101/664 919 101

25 boulevard du commerce
Kaloum, Conakry, Guinée

Réseaux sociaux

Powered by Netsen Group @ 2025